Most Visited African Countries Quiz Stats

Quiz Updated Feb 17, 2016

Also try: Landmark Cities
Challenge
Share
Tweet
Embed
Score 0/10 Timer 03:00
1 Play Today
Tourists (millions) Country % Correct
9.1South Africa
99.3%
11.1Egypt
96.4%
9.3Morocco
91.8%
1.6Kenya
91.3%
5.9Tunisia
76.9%
2.6Algeria
76.5%
1.7Zimbabwe
62.6%
1.1Uganda
56.3%
2.1Mozambique
52.9%
1.0Swaziland
30.4%

You're not logged in!

Compare scores with friends on all Sporcle quizzes.
Sign Up with Email
OR
Log In

You Might Also Like...

Show Comments

Extras

Top Quizzes Today


Score Distribution

Your Account Isn't Verified!

In order to create a playlist on Sporcle, you need to verify the email address you used during registration. Go to your Sporcle Settings to finish the process.